000 00574nam a2200157 a 4500
001 000029905
005 20200930055910.0
008 110426s2002 dr 000 0 spa d
040 _aDO-SdBNP
_bspa
_cBNPHU
100 1 _aBetances, Bethania
_956642
245 1 0 _aMitos e imágenes sobre el uso del condón :
_bproyecto de salud sexual y reprodutiva /
_cBethania Betances, Eduardo Vásquez.
260 _aSanto Domingo :
_bSecretaría de Estado de Salud Pública y Asistencia Social,
_c2002.
300 _a46 p. ;
_c28 cm.
700 1 _aVásquez, Eduardo
_956643
049 _aBNPD
999 _c29397
_d29397